Normal view MARC view

Entry Nombre personal

Number of records used in: 9

001 - NÚMERO DE CONTROL

  • campo de control: 146469

003 - IDENTIFICADOR DE NÚMERO DE CONTROL

  • campo de control: SpMaBN

005 - FECHA Y HORA DE LA ÚLTIMA TRANSACCIÓN

  • campo de control: 20240315135713.0

008 - ELEMENTOS DE DATO DE LONGITUD-FIJA

  • campo de control de longitud fija: 980115n| aijnnaabn |n aaa

016 ## - NÚMERO DE CONTROL DE UNA AGENCIA BIBLIOGRÁFICA NACIONAL

  • Número de control del registro: BNE19980027694

024 7# - IDENTIFICADOR DE OTROS ESTÁNDARES

  • Número estándar o código: http://viaf.org/viaf/39292879/
  • Fuente: viaf

024 7# - IDENTIFICADOR DE OTROS ESTÁNDARES

  • Número estándar o código: https://isni.org/isni/0000000059204519
  • Fuente: isni

040 ## - FUENTE DE CATALOGACIÓN

  • Centro catalogador/agencia de origen: SpMaBN
  • Lengua de catalogación: spa
  • Centro/agencia transcriptor: SpMaBN
  • Normas de descripción: rdc
  • Convención/Normas de encabezamiento de materia/tesauro: embne

100 1# - ENCABEZAMIENTO-NOMBRE DE PERSONA

  • Nombre de persona: Arias Bautista, María Teresa

373 ## - GRUPO ASOCIADO

  • Grupo asociado: Ateneo de Madrid
  • Fuente de información: Web del Ateneo

375 ## - GÉNERO/SEXO

  • Género: Femenino

377 ## - IDIOMA ASOCIADO

  • Código del idioma: spa
  • Término de lengua/lenguaje: Español

400 1# - TRAZADO DE VÉASE--NOMBRE DE PERSONA

  • Nombre de persona: Arias Bautista, Mª Teresa

670 ## - FUENTE DE DATOS ENCONTRADOS

  • Cita de la fuente: Índices de las colecciones legislativas medievales para el estudio de la mujer, 1997
  • Información encontrada: p. 1 de la cub. (Mª Teresa Arias Bautista)

678 ## - DATOS BIOGRÁFICOS O HISTÓRICOS

  • Datos biográficos o históricos: Socia del Ateneo de Madrid. Presidenta de la Agrupación Ateneísta de Estudios sobre la Mujer Clara Campoamor
  • Ampliación de la nota: Fuente: Web del Ateneo